000
00221 a2200097 4500
001
43273
100
_a
Starbuch
245
_a
College readings for induction
260
_a
New York
_b
Dryden press
_c
090
_c
27115
_d
27115
942
_a
NUST-CAE
_c
M
_c
19020
999
_c
278346
_d
278346